[Event "Mittelrhein Verbandsliga Nord 1920"]
[Site "Mittelrhein"]
[Date "2020.01.19"]
[Round "5.8"]
[White "Hanke, Friedhelm"]
[Black "Kasperowicz, Thomas"]
[Result "0-1"]
[WhiteElo "1707"]
[BlackElo "1488"]
[PlyCount "98"]
[EventDate "2019.09.29"]
[EventType "team-tourn"]
[EventRounds "9"]
[EventCountry "GER"]
[SourceTitle "EXT 2023"]
[Source "ChessBase"]
[SourceDate "2022.10.05"]
[SourceVersion "1"]
[SourceVersionDate "2022.10.05"]
[SourceQuality "1"]
[WhiteTeam "Hitdorf SV Springer"]
[BlackTeam "Pulheim"]
[WhiteTeamCountry "GER"]
[BlackTeamCountry "GER"]

1. e4 e5 2. Bc4 Nf6 3. d4 Nxe4 4. dxe5 Nc5 5. Nf3 Be7 6. 0-0 0-0 7. Bf4 Ne6 8. Bg3 Nc6 9. a3 a6 10. Nc3 b5 11. Bd5 Bb7 12. b4 f5 13. h3 Kh8 14. Bxe6 dxe6 15. Qxd8 Raxd8 16. Rfd1 h6 17. Kf1 Kh7 18. Ne2 Kg8 19. Ned4 Nxd4 20. Nxd4 Bd5 21. f4 c5 22. bxc5 Bxc5 23. Bf2 Rc8 24. c3 Rc7 25. g3 Rfc8 26. Ke2 Ba7 27. Kd2 Rxc3 28. Rac1 Rxc1 29. Rxc1 Rxc1 30. Kxc1 Bc5 31. Kb2 Kf7 32. Be3 Bg2 33. h4 Be4 34. Nc2 Be7 35. Bd2 Kg6 36. Bb4 Bd8 37. Bc5 Kh5 38. Ne3 Bd5 39. Kc1 g5 40. hxg5 hxg5 41. fxg5 Kxg5 42. Kd2 Ba5+ 43. Ke2 f4 44. gxf4+ Kxf4 45. a4 Kxe5 46. axb5 axb5 47. Bf8 Bd8 48. Bg7+ Kd6 49. Nd1 b4 0-1

[Event "Mittelrhein Verbandsliga Nord 1920"]
[Site "Mittelrhein"]
[Date "2019.12.08"]
[Round "4.8"]
[White "Brueggemann, Sandra"]
[Black "Hanke, Friedhelm"]
[Result "0-1"]
[WhiteElo "1517"]
[BlackElo "1707"]
[PlyCount "102"]
[EventDate "2019.09.29"]
[EventType "team-tourn"]
[EventRounds "9"]
[EventCountry "GER"]
[SourceTitle "EXT 2023"]
[Source "ChessBase"]
[SourceDate "2022.10.05"]
[SourceVersion "1"]
[SourceVersionDate "2022.10.05"]
[SourceQuality "1"]
[WhiteTeam "Eikamp Freibauer"]
[BlackTeam "Hitdorf SV Springer"]
[WhiteTeamCountry "GER"]
[BlackTeamCountry "GER"]

1. e4 c5 2. Nf3 Nc6 3. Nc3 d6 4. d3 Nf6 5. Be2 e6 6. Bg5 Be7 7. 0-0 0-0 8. Bf4 a6 9. Re1 b5 10. e5 dxe5 11. Nxe5 Nxe5 12. Bxe5 Bd6 13. Bf3 Rb8 14. Qd2 Bb7 15. Qf4 Bxe5 16. Rxe5 Qc7 17. Qe3 Nd7 18. Rg5 g6 19. Rg3 Nf6 20. Rh3 Bxf3 21. Rxf3 Kg7 22. Rh3 h5 23. Re1 Qd6 24. Qg5 Rh8 25. Rf3 Ng4 26. Rg3 f6 27. Qd2 Rbe8 28. h3 Nh6 29. Qe3 Nf5 30. Ne4 Qxg3 31. Qxg3 Nxg3 32. Nxg3 Re7 33. Ne4 Rc8 34. a3 Rd7 35. Nd2 Kf7 36. Nf3 e5 37. Kf1 c4 38. dxc4 Rxc4 39. Rc1 a5 40. Ke2 Rdc7 41. c3 b4 42. axb4 axb4 43. Kd2 Ke6 44. g3 e4 45. Nd4+ Rxd4+ 46. cxd4 Rxc1 47. Kxc1 Kd5 48. Kd2 Kxd4 49. Kc2 g5 50. Kd2 f5 51. Kc2 f4 0-1

[Event "Mittelrhein Verbandsliga-N 17/18"]
[Site "Nordrheinwestfalen"]
[Date "2018.04.15"]
[Round "10.7"]
[White "Balduan, Karl Heinz"]
[Black "Hanke, Friedhelm"]
[Result "0-1"]
[WhiteElo "1553"]
[BlackElo "1722"]
[PlyCount "86"]
[EventDate "2017.09.10"]
[EventType "team-swiss"]
[EventRounds "11"]
[EventCountry "GER"]
[SourceTitle "EXT 2022"]
[Source "ChessBase"]
[SourceDate "2021.10.06"]
[SourceVersion "1"]
[SourceVersionDate "2021.10.06"]
[SourceQuality "1"]
[WhiteTeam "Leverkusen Koenigsspringer"]
[BlackTeam "Hitdorf SV Springer"]
[WhiteTeamCountry "GER"]
[BlackTeamCountry "GER"]

1. d4 f5 2. Nf3 Nf6 3. Bf4 e6 4. h3 d5 5. Nbd2 Bd6 6. Bh2 Bxh2 7. Rxh2 0-0 8. g3 Nbd7 9. e3 c6 10. Rg2 Ne4 11. Ne5 Nxe5 12. dxe5 Qc7 13. f4 Qb6 14. Nxe4 fxe4 15. Re2 Qxb2 16. h4 Qc3+ 17. Kf2 Qxe5 18. Kg2 Qf6 19. Rf2 e5 20. Rb1 b5 21. Qe2 Bd7 22. Kh2 exf4 23. Rxf4 Qe6 24. Bg2 Rxf4 25. exf4 Qd6 26. Rd1 Qe7 27. Qe3 Bg4 28. Rf1 Bf5 29. Rd1 Rd8 30. Qe2 Qc5 31. Bh3 Bxh3 32. Kxh3 Rb8 33. f5 Qc3 34. Rf1 Rf8 35. Qg4 Qf6 36. Qf4 h6 37. Qe3 Rf7 38. g4 g5 39. hxg5 Qxg5 40. Qd4 Rg7 41. Rg1 h5 42. Rg3 hxg4+ 43. Kg2 Qxf5 0-1

[Event "Mittelrhein Verbandsliga-N 17/18"]
[Site "Nordrheinwestfalen"]
[Date "2018.01.14"]
[Round "6.6"]
[White "Hanke, Friedhelm"]
[Black "Weber, Christian"]
[Result "0-1"]
[WhiteElo "1722"]
[BlackElo "1847"]
[PlyCount "82"]
[EventDate "2017.09.10"]
[EventType "team-swiss"]
[EventRounds "11"]
[EventCountry "GER"]
[SourceTitle "EXT 2022"]
[Source "ChessBase"]
[SourceDate "2021.10.06"]
[SourceVersion "1"]
[SourceVersionDate "2021.10.06"]
[SourceQuality "1"]
[WhiteTeam "Hitdorf SV Springer"]
[BlackTeam "Langenfeld II"]
[WhiteTeamCountry "GER"]
[BlackTeamCountry "GER"]

1. e4 c5 2. d4 cxd4 3. c3 d3 4. Bxd3 Nc6 5. Nf3 d6 6. h3 g6 7. Be3 Bg7 8. Nbd2 Nf6 9. Qe2 0-0 10. 0-0 Qc7 11. Nd4 a6 12. f4 e5 13. Nxc6 bxc6 14. fxe5 dxe5 15. Nc4 c5 16. Bg5 Ne8 17. Ne3 Be6 18. Bxa6 Nd6 19. Nd5 Bxd5 20. exd5 c4 21. Bxc4 Qxc4 22. Qxc4 Nxc4 23. b3 Na3 24. Be7 Rfe8 25. d6 Bf8 26. Bxf8 Kxf8 27. c4 Nc2 28. Rac1 Nd4 29. Rf2 e4 30. Rcf1 f5 31. Rd2 Nc6 32. d7 Red8 33. Rd6 Ne5 34. Rfd1 Ke7 35. R6d5 Nxd7 36. a4 Rab8 37. Rb1 Ke6 38. Kf2 Ne5 39. Rxd8 Rxd8 40. Ke2 Rb8 41. c5 Nd3 0-1

[Event "Mittelrhein Verbandsliga-M 16/17"]
[Site "Nordrheinwestfalen"]
[Date "2017.02.19"]
[Round "8.7"]
[White "Weber, Christian"]
[Black "Hanke, Friedhelm"]
[Result "1/2-1/2"]
[WhiteElo "1856"]
[BlackElo "1685"]
[PlyCount "56"]
[EventDate "2016.09.11"]
[EventType "team-tourn"]
[EventRounds "11"]
[EventCountry "GER"]
[SourceTitle "EXT 2022"]
[Source "ChessBase"]
[SourceDate "2021.10.06"]
[SourceVersion "1"]
[SourceVersionDate "2021.10.06"]
[SourceQuality "1"]
[WhiteTeam "Langenfeld II"]
[BlackTeam "Hitdorf SV Springer"]
[WhiteTeamCountry "GER"]
[BlackTeamCountry "GER"]

1. f4 c5 2. e3 Nc6 3. Nf3 d6 4. Bb5 Bd7 5. b3 Nf6 6. Bb2 e6 7. 0-0 Be7 8. d3 0-0 9. Nc3 a6 10. Bxc6 Bxc6 11. e4 d5 12. e5 Ng4 13. Qe2 d4 14. Nd1 Nh6 15. Bc1 Qd5 16. Nf2 b5 17. Ne4 c4 18. Bd2 Rfd8 19. h3 cxd3 20. cxd3 Nf5 21. g4 Ne3 22. Bxe3 dxe3 23. Rad1 Bc5 24. Nxc5 Qxc5 25. d4 Bxf3 26. Qxe3 Qb4 27. Rxf3 Rac8 28. Qf2 Rc3 1/2-1/2

[Event "Mittelrhein Verbandsliga-M 16/17"]
[Site "Nordrheinwestfalen"]
[Date "2016.10.02"]
[Round "2.8"]
[White "Hanke, Friedhelm"]
[Black "Birnkott, Manfred"]
[Result "1/2-1/2"]
[WhiteElo "1685"]
[BlackElo "1845"]
[PlyCount "80"]
[EventDate "2016.09.11"]
[EventType "team-tourn"]
[EventRounds "11"]
[EventCountry "GER"]
[SourceTitle "EXT 2022"]
[Source "ChessBase"]
[SourceDate "2021.10.06"]
[SourceVersion "1"]
[SourceVersionDate "2021.10.06"]
[SourceQuality "1"]
[WhiteTeam "Hitdorf SV Springer"]
[BlackTeam "Leverkusen SC Bayer"]
[WhiteTeamCountry "GER"]
[BlackTeamCountry "GER"]

1. e4 c5 2. d4 cxd4 3. c3 d3 4. Bxd3 g6 5. Nf3 Bg7 6. 0-0 Nf6 7. e5 Nd5 8. Bxg6 hxg6 9. Qxd5 Nc6 10. Na3 a6 11. Bf4 e6 12. Qd3 b5 13. Rad1 Qc7 14. Rfe1 Bb7 15. Re2 g5 16. Nxg5 Bxe5 17. Bxe5 Nxe5 18. Rxe5 Rxh2 19. Kxh2 Qxe5+ 20. Qg3 Qe2 21. Qd3 Qh5+ 22. Kg1 0-0-0 23. Nf3 Bc6 24. Kf1 Qh1+ 25. Ke2 Qxg2 26. Ne5 Bd5 27. c4 Be4 28. Qg3 Qxg3 29. fxg3 b4 30. Nb1 f6 31. Nf3 Rg8 32. Kf2 Kc7 33. Nbd2 Bb7 34. Rh1 f5 35. Rh7 Bc8 36. Nb3 Kc6 37. Nbd4+ Kc5 38. b3 Rg4 39. Rh4 Bb7 40. Ne2 Rg7 1/2-1/2

[Event "Mittelrhein Verbandsliga-M 1112"]
[Site "Germany"]
[Date "2012.05.06"]
[Round "10.4"]
[White "Mueller, Achim"]
[Black "Hanke, Friedhelm"]
[Result "1/2-1/2"]
[WhiteElo "1770"]
[BlackElo "1862"]
[PlyCount "44"]
[EventDate "2011.09.18"]
[EventType "team-tourn"]
[EventRounds "11"]
[EventCountry "GER"]
[SourceTitle "EXT 2013"]
[Source "ChessBase"]
[SourceDate "2012.11.22"]
[SourceVersion "1"]
[SourceVersionDate "2012.11.22"]
[SourceQuality "1"]
[WhiteTeam "Rheinbacher SF II"]
[BlackTeam "Hitdorf SV Springer"]
[WhiteTeamCountry "GER"]
[BlackTeamCountry "GER"]

1. d4 Nf6 2. c4 e5 3. dxe5 Ng4 4. Bf4 Bb4+ 5. Nc3 Nc6 6. Nf3 Qe7 7. Qd5 f6 8. exf6 Bxc3+ 9. bxc3 Nxf6 10. Qd3 d6 11. e3 0-0 12. Be2 Ne4 13. 0-0 Bf5 14. Qd5+ Kh8 15. Rac1 g5 16. Bg3 Bg6 17. Nd2 Nc5 18. Nb3 Rad8 19. Qd1 Qe8 20. Qd5 Rf5 21. Qd1 Rf8 22. Qd5 Rf5 1/2-1/2

[Event "Mittelrhein Verbandsliga-M 1112"]
[Site "Germany"]
[Date "2012.01.15"]
[Round "5.4"]
[White "Hanke, Friedhelm"]
[Black "Thiel, Joachim"]
[Result "0-1"]
[WhiteElo "1862"]
[BlackElo "2007"]
[PlyCount "78"]
[EventDate "2011.09.18"]
[EventType "team-tourn"]
[EventRounds "11"]
[EventCountry "GER"]
[SourceTitle "EXT 2013"]
[Source "ChessBase"]
[SourceDate "2012.11.22"]
[SourceVersion "1"]
[SourceVersionDate "2012.11.22"]
[SourceQuality "1"]
[WhiteTeam "Hitdorf SV Springer"]
[BlackTeam "Kalker/Deutzer SG"]
[WhiteTeamCountry "GER"]
[BlackTeamCountry "GER"]

1. e4 c5 2. Nf3 e6 3. d4 cxd4 4. Nxd4 Nf6 5. Nc3 d6 6. Bg5 Be7 7. Qd2 0-0 8. 0-0-0 a6 9. Bd3 b5 10. a3 Qb6 11. f4 Qxd4 12. e5 dxe5 13. Qe1 Nc6 14. Bxh7+ Kxh7 15. Rxd4 exd4 16. Bxf6 Bxf6 17. Qe4+ Kg8 18. Qxc6 Rb8 19. Ne4 Be7 20. Qc7 Rb7 21. Qe5 Rd8 22. Rd1 Rbd7 23. Qh5 Rd5 24. Ng5 Bxg5 25. fxg5 g6 26. Qh4 e5 27. g4 e4 28. Rg1 d3 29. Rg3 d2+ 30. Kd1 Be6 31. Rb3 Kf8 32. Qh8+ Ke7 33. Qf6+ Kd7 34. Qf4 Re8 35. Re3 Ke7 36. Qf6+ Kd7 37. Qf4 Ke7 38. Qf6+ Kd7 39. Qf2 Bxg4+ 0-1